000 02541cam a2200313 4500500
005 20260426025534.0
041 _afre
042 _adc
100 1 0 _aMoreau Ricaud, Michelle
_eauthor
245 0 0 _aMill et Freud : pionniers de l'émancipation de la femme ?
260 _c2003.
500 _a69
520 _aQuelques années avant de faire son stage auprès de J.M. Charcot, dont il suit le travail avec les femmes hystériques hospitalisées, Freud, encore étudiant, se voit confier la traduction du dernier volume de J.S. Mill, qui contient – entre autres – un texte révolutionnaire : The Enfranchisement of Women (1851), L’émancipation des femmes. Bien que Freud n’ait mentionné qu’une seule fois (deux des ouvrages de) Mill, et n’ait jamais signalé quelque autre influence de ce philosophe sur ses représentations, nous faisons l’hypothèse que son travail de traduction est pourtant loin de le laisser indemne quand la question du féminin surgit pour la première fois. Le préjugé masculin ne cède pas aussitôt, mais les résistances de Freud à penser la femme comme un alter ego en seront déjà quelque peu émoussées...
520 _aMill and Freud – Pioneers of Women’s Lib ? A few years before going on her training course with J.M.Charcot, whose work with hysterical women he was following, Freud, still then a student, was given the last volume of J.S. Mill’s works to translate. This volume contained – among others – a revolutionary text called The Enfranchisement of Women (1851). Although Freud only made one reference to two of Mill’s works and never referred to any other influence the philosopher may have had on his thinking, we might be led to assume that this translation had a far more extensive effect on Freud’s ideas on the question of women in society than he might lead us to believe. Male prejudices do not disappear immediately, but Freud’s resistance before the idea of woman as an alter ego does suffer slightly.
690 _a« Dark continent »
690 _aBrentano
690 _aÉcoute nouvelle
690 _aIdéal de féminité
690 _aPréjugé masculin
690 _aStanley
690 _a‘Dark Continent'
690 _aBrentano
690 _aFeminine Ideal
690 _aListening again
690 _aMale Prejudice
690 _aStanley
786 0 _nTopique | 82 | 1 | 2003-03-01 | p. 127-133 | 0040-9375
856 4 1 _uhttps://shs.cairn.info/revue-topique-2003-1-page-127?lang=fr&redirect-ssocas=7080
999 _c2227504
_d2227504